00411nam a2200157Ia 4500008004100000020001500041041001200056082001600068100001900084245006100103250000800164260003800172300000800210650001600218700001900234221030s9999 xx 000 0 und d a0071143238 aEnglish a105.23bHam aV. C. Hamacher 0aComputer Organizationcby V. C. Hamacher, Z. G. Vranesic a4th bMcGraw-Hill Pub.aNew Delhic2000 a555 aBE Computer aZ. G. Vranesic